000 00284nam a22001337a 4500
008 170606b xxu||||| |||| 00| 0 eng d
020 _a9780801497643
041 _aeng
080 _a327
100 _a18
101 _aSHH
245 _aMYTHS OF EMPIRE
_cSNYDER, J
942 _2udc
_cBK
999 _c16054
_d16054